000 nam a22 7a 4500
999 _c28594
_d28594
008 170309b xxu||||| |||| 00| 0 eng d
050 _aPR 6023 .L47 1956
100 _aLeaner, Alan Jay
245 _aMy Fair Lady:
_bA Musical Play in Two Acts/
_cAlan Jay Leaner and Frederick Loewe
260 _aNew York:
_bCoward-McCann,
_c1956.
300 _a186p.:
_bill.;
_c20cm.
700 _aLoewe, Frederick
942 _2lcc
_cBOOKS
_hPR 6023 .L47 1956